000 00761nam a2200229Ia 4500
003 OSt
005 20220923221244.0
006 a|||||r|||| 00| 0
007 ta
008 220922b |||||||| |||| 00| 0 hin d
024 _a195,988
037 _cTextual
040 _aARTS
_cARTS
_bhin
041 _2hin
_ahin
082 _aP15:g, L4
100 _aमिश्र, प्रभाकर शंकर
_9156370
245 0 _aसंस्कृत शिक्षण
246 _aSanskṛut shikṣhaṇa
260 _aचण्डीगढ
_b हरियाणा हिन्दी ग्रंथ अकादमी
_c1974
942 _hP15:g, L4
_cTEXL
_2CC
999 _c348079
_d348079